|
|
|
|
| LEADER |
02070nam a2200517 i 4500 |
| 001 |
nkc20233579526 |
| 003 |
CZ PrNK |
| 005 |
20240409132811.0 |
| 007 |
ta |
| 008 |
231219s2023 xr a e f 000 0 cze |
| 015 |
|
|
|a cnb003579526
|
| 020 |
|
|
|a 978-80-200-3524-0
|q (brožováno)
|
| 035 |
|
|
|a (OCoLC)1433649878
|
| 040 |
|
|
|a OLA001
|b cze
|e rda
|
| 043 |
|
|
|a e-xr---
|
| 072 |
|
7 |
|a 614
|x Veřejné zdraví a hygiena
|2 Konspekt
|9 14
|
| 080 |
|
|
|a 614.253.83
|2 MRF
|
| 080 |
|
|
|a (437.3)
|2 MRF
|
| 080 |
|
|
|a (035)
|2 MRF
|
| 100 |
1 |
|
|a Doležal, Tomáš,
|d 1976-
|7 xx0070154
|4 aut
|
| 245 |
1 |
0 |
|a Průvodce právy pacientů /
|c Tomáš Doležal, Adam Doležal, Ivo Smrž, David Černý
|
| 250 |
|
|
|a Vydání 1.
|
| 264 |
|
1 |
|a Praha :
|b Středisko společných činností AV ČR, v.v.i., pro Kancelář Akademie věd ČR,
|c 2023
|
| 300 |
|
|
|a 50 stran :
|b barevné ilustrace ;
|c 21 cm
|
| 336 |
|
|
|a text
|b txt
|2 rdacontent
|
| 337 |
|
|
|a bez média
|b n
|2 rdamedia
|
| 338 |
|
|
|a svazek
|b nc
|2 rdacarrier
|
| 490 |
1 |
|
|a Strategie AV21. Společnost v pohybu a veřejné politiky
|
| 500 |
|
|
|a Název z obálky
|
| 504 |
|
|
|a Obsahuje bibliografii
|
| 650 |
0 |
7 |
|a práva pacientů
|7 ph264923
|z Česko
|2 czenas
|
| 650 |
0 |
9 |
|a patient rights
|z Czechia
|2 eczenas
|
| 655 |
|
7 |
|a příručky
|7 fd133209
|2 czenas
|
| 655 |
|
9 |
|a handbooks and manuals
|2 eczenas
|
| 700 |
1 |
|
|a Doležal, Adam,
|d 1979-
|7 pna2007424675
|4 aut
|
| 700 |
1 |
|
|a Smrž, Ivo
|7 ola20231180706
|4 aut
|
| 700 |
1 |
|
|a Černý, David,
|d 1977-
|7 mzk2011643448
|4 aut
|
| 710 |
2 |
|
|a Akademie věd České republiky.
|b Kancelář
|7 ko2005281665
|4 isb
|
| 830 |
|
0 |
|a Strategie AV21.
|p Společnost v pohybu a veřejné politiky
|0 s
|
| 856 |
4 |
1 |
|3 Online verze
|u https://www.academia.cz/uploads/media/preview/0001/10/25325bb57a1d62cdafe353785af2bbedb8ebbd5b.pdf
|4 N
|
| 910 |
2 |
|
|a BOA001
|b 2-1522.712
|
| 928 |
9 |
|
|a Akademie věd České republiky, Středisko společných činností
|
| 990 |
|
|
|a BK
|
| 995 |
|
|
|a 01
|
| 991 |
|
|
|b 202404
|c NOV
|
| 996 |
6 |
|
|b 2610965849
|c 2-1522.712
|l MZK
|r Sklad / do 1 hodiny
|n 1
|p p.v.
|w 001959312
|u 000010
|a 1
|e BOA001
|j MZK50
|s P
|